CW Shows By Cast Photo Quiz Stats

 Plays Quiz Updated Oct 2, 2015

Challenge
Share
Tweet
Score 0/16 Timer 06:00
1 Play Today
% Correct
Supernatural
87.5%
Arrow
87.3%
Vampire Diaries
83.7%
Gilmore Girls
76.2%
Smallville
72.4%
Everybody Hates Chris
69.7%
Gossip Girl
66.4%
Veronica Mars
61.1%
% Correct
The 100
57%
7th Heaven
55.2%
One Tree Hill
54.8%
iZombie
49.6%
Hart of Dixie
46.8%
The Originals
41.8%
Reign
40.2%
Beauty and the Beast
37%

You're not logged in!

Compare scores with friends on all Sporcle quizzes.
OR
Log In

You Might Also Like...

Show Comments

Extras

Top Quizzes Today


Score Distribution

Your Account Isn't Verified!

In order to create a playlist on Sporcle, you need to verify the email address you used during registration. Go to your Sporcle Settings to finish the process.

Report this User

Report this user for behavior that violates our Community Guidelines.

Details: